000 01629nam a22003617a 4500
003 OSt
005 20260504115339.0
008 260427b |||||||| |||| 00| 0 aze d
020 _a9789952210408
040 _aAZ-XaKU
_baze
_cAZ-XaKU
041 0 _aaze
050 1 4 _aML60 .Ef251 .M7209 2016
100 1 _aƏfəndiyeva, İmruz,
_cprofessor,
_d1935 - ,
_emüəllif.
245 1 0 _aMusiqi mədəniyyətimiz və müasirlik
_b: seçilmiş məqalələr
_c/ İmruz Əfəndiyeva
264 _aBakı:
_bRenessans-A nəşir evi,
_c2016.
300 _a253 səhifə ;
_bşəkilli ;
_c20.5 sm.
336 _atext
_btxt
_2rdacontent
337 _aunmediated
_bn
_2rdamedia
338 _avolume
_bnc
_2rdacarrier
500 _aÜzeyir Hacıbəyli adına Bakı Musiqi Akademiyasının 95 illiyinə həsr olunur.
505 0 _aI Fəsil. Dahi və böyük mütəfəkkir ulu öndər Heydər Əliyevə həsr olunmuş əsərlər -- II Fəsil. Dünya şöhrətli sənətkar -- III Fəsil. "Düşüncə" nin izi ilə
520 _aTəqdim olunan kitab müxtəlif illərdə yazılmış elmi-tədqiqat və publisistik məqalələrin toplusudur.
521 _aMusiqi mədəniyyətimiz və müasirlik kitabı mütəxəssislər və geniş oxucu kütləsi üçün nəzərdə tutulmuşdur.
546 _aaze
600 _2
650 7 _2AZ-XaKU
_aMusiqi mədəniyyəti
_xTarix və tənqid
_zAzərbaycan
655 _2Az-XaKU
_aSeçilmiş məqalələr
700 1 _aAbdullazadə, Gülnaz,
_eelmi redaktor.
700 1 _aİmanova, Ülviyyə,
_erəyçi.
700 1 _aMahmudova, Ceyran,
_erəyçi.
942 _cBOOK
999 _c307
_d307